Normal view
MARC view
- تاليف الدباس، نزيه
Entry Personal Name
001 - CONTROL NUMBER
- control field: 53225
003 - CONTROL NUMBER IDENTIFIER
- control field: JO-AjAnu
005 - DATE AND TIME OF LATEST TRANSACTION
- control field: 20230606082737.0
008 - FIXED-LENGTH DATA ELEMENTS
- fixed length control field: 230606|| aca||aabn | a|a d
040 ## - CATALOGING SOURCE
- Original cataloging agency: JO-AjAnu
- Transcribing agency: JO-AjAnu
100 ## - HEADING--PERSONAL NAME
- Personal name: تاليف الدباس، نزيه
670 ## - SOURCE DATA FOUND
- Source citation: Work cat.: (JO-AjAnu)27193: تاليف الدباس، نزيه, author, إدارة قسم الغرف: الدوائر الأمامية والحجوزات = Accommodation Management one Front office & Reservation